Sports Quiz

Random Sports or World Cup Quiz
Score 0/26 Timer 05:00
0 Plays Today
Position Player % Correct
MFXherdan Shaqiri
92.2%
MFGökhan Inler
87.3%
GKDiego Benaglio
85.3%
DFStephan Lichtsteiner
77.7%
MFGranit Xhaka
77.2%
MFValon Behrami
74.9%
DFPhilippe Senderos
74.7%
DFJohan Djourou
69.6%
GKYann Sommer
68.9%
MFBlerim Dzemaili
61%
FWEren Derdiyok
60.8%
DFRicardo Rodriguez
59.7%
FWHaris Seferovic
57.2%
Position Player % Correct
MFPajtim Kasami
55.2%
DFFabian Schär
52.9%
MFTranquillo Barnetta
49.9%
MFGelson Fernandes
49.4%
MFValentin Stocker
49.1%
FWJosip Drmic
46.8%
DFSteve von Bergen
46.3%
FWAdmir Mehmedi
45.6%
DFReto Ziegler
41.3%
DFTimm Klose
33.9%
FWMario Gavranovic
31.4%
DFMichael Lang
28.1%
FWInnocent Emeghara
19.7%
Remove Ads.
Support Sporcle.
Get the best of Sporcle when you Go Orange. This ad-free experience offers more features, more stats, and more fun while also helping to support Sporcle. Thank you for becoming a member.

You're not logged in!

Compare scores with friends on all Sporcle quizzes.
OR
Log In

Show Comments

Extras

Top Quizzes Today


Score Distribution

Your Account Isn't Verified!

In order to create a playlist on Sporcle, you need to verify the email address you used during registration. Go to your Sporcle Settings to finish the process.

Report this User

Report this user for behavior that violates our Community Guidelines.

Details: